| 000 | 00649 a2200193 4500 | ||
|---|---|---|---|
| 999 |
_c310 _d310 |
||
| 020 | _a9780495103431 | ||
| 050 | _aBJ1581.2 OLE 2008 | ||
| 100 |
_aOlen, Jeffrey _eauthor |
||
| 245 |
_aApplying ethics : _ba text with readings / _c Jeffrey Olen, Vincent Barry, Julie C. Van Camp. |
||
| 250 | _a9th ed | ||
| 264 |
_aBelmont, CA : _bThomson / Wadsworth, _cc2008 |
||
| 300 | _axi, 559p. : | ||
| 500 | _aIncludes bibliographical references and index. | ||
| 650 | _aSocial ethics | ||
| 650 |
_aUnited States _xSocial conditions |
||
| 700 |
_aBarry, Vincent E. _eauthor |
||
| 700 |
_aVan Camp, Julie C. _eauthor |
||
| 942 |
_2lcc _cBK _e9th ed. _h1581.2 _iOLE _kBF |
||